[Event "25th Dubai Open A 2025"]
[Site "Dubai UAE"]
[Date "2025.05.29"]
[Round "3.4"]
[White "Nitish, Belurkar"]
[Black "Parkhov, Yair"]
[Result "1/2-1/2"]
[WhiteTitle "IM"]
[BlackTitle "GM"]
[WhiteElo "2454"]
[BlackElo "2514"]
[WhiteFideId "5084768"]
[BlackFideId "2813408"]
[EventDate "2025.05.27"]

1. d4 Nf6 2. c4 e6 3. Nc3 d5 4. cxd5 exd5 5. Bg5 Be7 6. e3 h6 7. Bh4 c6 8. Bd3
O-O 9. Nge2 Re8 10. O-O Nbd7 11. f3 b5 12. Bf2 a5 13. Qc2 Ba6 14. Rae1 Qb6 15.
Bf5 b4 16. Na4 Qb5 17. b3 Nf8 18. Nb2 Bd6 19. Bd3 Qb7 20. Ng3 Ne6 21. Nf5 Bf8
22. e4 g6 23. e5 Nh5 24. Ng3 Nxg3 25. hxg3 Rac8 26. Bxa6 Qxa6 27. Nd3 c5 28.
dxc5 Qb5 29. Rc1 Rc6 30. Qd2 Nxc5 31. Nxc5 1/2-1/2

[Event "25th Dubai Open A 2025"]
[Site "Dubai UAE"]
[Date "2025.05.29"]
[Round "3.5"]
[White "Boruchovsky, Avital"]
[Black "Pichot, Alan"]
[Result "1/2-1/2"]
[WhiteTitle "GM"]
[BlackTitle "GM"]
[WhiteElo "2513"]
[BlackElo "2587"]
[WhiteFideId "2800055"]
[BlackFideId "110973"]
[EventDate "2025.05.27"]

1. d4 Nf6 2. c4 e6 3. Nf3 d5 4. g3 Be7 5. Bg2 O-O 6. O-O Nbd7 7. Qc2 a5 8. Rd1
dxc4 9. Qxc4 b5 10. Qc6 Rb8 11. Bf4 Nd5 12. Qc2 b4 13. Nbd2 g5 14. Be5 b3 15.
Nxb3 f6 16. Nxa5 fxe5 17. dxe5 Qe8 18. Nc6 Rb6 19. a3 Bc5 20. e4 Ne3 21. fxe3
Rxc6 22. Nd4 Nxe5 23. Nxc6 Qxc6 24. Kh1 Ng4 25. Rdc1 Bxe3 26. Qxc6 Nf2+ 27. Kg1
Nh3+ 28. Kh1 Nf2+ 1/2-1/2

[Event "25th Dubai Open A 2025"]
[Site "Dubai UAE"]
[Date "2025.05.29"]
[Round "3.6"]
[White "Royal, Shreyas"]
[Black "Iniyan, Pa"]
[Result "0-1"]
[WhiteTitle "GM"]
[BlackTitle "GM"]
[WhiteElo "2493"]
[BlackElo "2573"]
[WhiteFideId "448869"]
[BlackFideId "25002767"]
[EventDate "2025.05.27"]

1. Nf3 d5 2. e3 Nf6 3. c4 e6 4. Nc3 Bd6 5. b3 O-O 6. Bb2 b6 7. Rc1 a6 8. cxd5
exd5 9. g3 Bb7 10. Bg2 d4 11. Ne2 dxe3 12. fxe3 Nbd7 13. O-O c5 14. Nf4 Re8 15.
Qe2 a5 16. Nh4 Bxg2 17. Qxg2 a4 18. Nf5 Bf8 19. g4 axb3 20. Nh5 Rxa2 21. Nh6+
gxh6 22. Bxf6 Qa8 23. Qg3 Rxd2 24. Bc3 Bd6 25. Nf4 Bxf4 26. exf4 Rde2 27. Rf3 b2
28. Rcf1 Qe4 29. Rd3 c4 30. Rdd1 Re3 0-1

[Event "25th Dubai Open A 2025"]
[Site "Dubai UAE"]
[Date "2025.05.29"]
[Round "3.7"]
[White "Can, Emre"]
[Black "Ilamparthi, A R"]
[Result "0-1"]
[WhiteTitle "GM"]
[BlackTitle "IM"]
[WhiteElo "2568"]
[BlackElo "2469"]
[WhiteFideId "6302181"]
[BlackFideId "45015775"]
[EventDate "2025.05.27"]

1. e4 c5 2. Nf3 Nc6 3. Bb5 g5 4. Nxg5 Nf6 5. d3 Nd4 6. Bc4 d5 7. exd5 b5 8. Bb3
Rg8 9. c3 Nxb3 10. Qxb3 Qxd5 11. Qxd5 Nxd5 12. Ne4 Rxg2 13. a4 c4 14. axb5 cxd3
15. Nbd2 Ne3 16. h4 Nc2+ 17. Kf1 Rg6 18. Ra4 Bb7 19. f3 O-O-O 20. Kf2 Bh6 21.
Nc4 Bxc1 22. Rxc1 Bxe4 23. fxe4 Rf6+ 24. Kg2 Rg8+ 25. Kh3 Rf3+ 26. Kh2 Rf2+ 0-1

[Event "25th Dubai Open A 2025"]
[Site "Dubai UAE"]
[Date "2025.05.29"]
[Round "3.8"]
[White "Siddharth, Jagadeesh"]
[Black "Zemlyanskii, Ivan"]
[Result "0-1"]
[WhiteTitle "GM"]
[BlackTitle "GM"]
[WhiteElo "2472"]
[BlackElo "2563"]
[WhiteFideId "5818320"]
[BlackFideId "24249971"]
[EventDate "2025.05.27"]

1. e4 e5 2. Nf3 Nc6 3. Bc4 Nf6 4. d3 Be7 5. O-O O-O 6. Re1 d6 7. a4 Be6 8. b3
Bg4 9. h3 Bh5 10. a5 d5 11. exd5 Nxd5 12. Bb2 Bb4 13. c3 Bxa5 14. g4 Bg6 15. b4
Bb6 16. Bxd5 Qxd5 17. c4 Qxd3 18. c5 Nxb4 19. cxb6 Nc2 20. Qxd3 Bxd3 21. Rd1
Nxa1 22. Rxd3 e4 23. Rc3 exf3 24. bxc7 Rac8 25. Bxa1 Rfe8 26. Kf1 Re7 27. Rxf3
Rexc7 28. Rb3 Rd7 29. Kg2 f6 30. Nc3 b6 31. Ne4 Rc4 32. Kf3 Kf7 33. h4 Rd5 34.
h5 h6 35. Ke3 b5 36. Bc3 Ra4 37. f4 a5 38. Bxf6 gxf6 39. Nc3 Rad4 40. Nxd5 Rxd5
41. Rc3 b4 42. Rc7+ Ke6 43. f5+ Kd6 44. Rf7 b3 45. Rxf6+ Kc7 46. Rf7+ Kc6 47.
Rf6+ Kc5 48. Rf8 a4 49. f6 Rd7 50. f7 Rxf7 51. Rxf7 a3 52. Rb7 Kc4 53. Rc7+ Kd5
54. Rc3 a2 55. Rxb3 a1=Q 56. Rb5+ Kc4 57. Rf5 Qg1+ 58. Kf3 Kd4 59. Rf4+ Kd3 60.
Rf5 Qh2 61. Rd5+ Kc2 62. Rc5+ Kd2 63. Rd5+ Ke1 64. Rf5 Qf2+ 65. Ke4 Qe2+ 66. Kf4
Kf2 67. Rf6 Qe3+ 68. Kf5 Kf3 69. Rg6 Qe7 70. g5 hxg5 71. Rxg5 Qf7+ 0-1

[Event "25th Dubai Open A 2025"]
[Site "Dubai UAE"]
[Date "2025.05.29"]
[Round "3.9"]
[White "Gorshtein, Ido"]
[Black "Jubin, Jimmy"]
[Result "1/2-1/2"]
[WhiteTitle "GM"]
[BlackTitle "IM"]
[WhiteElo "2560"]
[BlackElo "2449"]
[WhiteFideId "2815532"]
[BlackFideId "46686614"]
[EventDate "2025.05.27"]

1. c4 c5 2. Nf3 Nf6 3. d4 cxd4 4. Nxd4 Nc6 5. g3 e5 6. Nb5 Bb4+ 7. Bd2 a6 8.
N5c3 d5 9. cxd5 Nxd5 10. Bg2 Be6 11. O-O O-O 12. Nxd5 Bxd5 13. Bg5 Qxg5 14. Qxd5
Rfd8 15. Qb3 Qe7 16. e3 Na5 17. Qc2 Rac8 18. Qe2 b5 19. Rd1 Qe6 20. Nc3 Bxc3 21.
bxc3 g6 22. h4 h5 23. Rxd8+ Rxd8 24. Rd1 Rd6 25. Rxd6 Qxd6 26. g4 hxg4 27. Qxg4
Nc4 28. a4 Nb2 29. axb5 axb5 30. Bf1 Qd1 31. Qg3 Nc4 32. Kg2 Qd5+ 33. Kh2 Nd6
34. Bg2 Qe6 35. h5 Kg7 36. hxg6 fxg6 37. Kg1 Qf5 38. Qh4 Qe6 39. Qb4 Kf6 40. Qc5
Ke7 41. Bf3 Qf5 42. Be2 Ke6 43. Qc6 Ke7 44. Qc7+ Ke6 45. Qc6 Ke7 46. Bf3 Qe6 47.
Qc5 Kf6 48. Be2 Ke7 49. Qb4 Kf6 50. Qh4+ Kg7 51. Bd3 Kg8 52. Bf1 Kg7 53. Qd8
Qg4+ 54. Kh2 1/2-1/2

[Event "25th Dubai Open A 2025"]
[Site "Dubai UAE"]
[Date "2025.05.29"]
[Round "3.10"]
[White "Md Imran"]
[Black "Bharath, Subramaniyam H"]
[Result "0-1"]
[WhiteTitle "IM"]
[BlackTitle "GM"]
[WhiteElo "2472"]
[BlackElo "2556"]
[WhiteFideId "25748580"]
[BlackFideId "46634827"]
[EventDate "2025.05.27"]

1. d4 Nf6 2. c4 e6 3. Nf3 d5 4. g3 Be7 5. Bg2 Ne4 6. Nc3 c6 7. O-O f5 8. Nxe4
fxe4 9. Ne5 Nd7 10. Nxd7 Bxd7 11. Bf4 O-O 12. Rc1 Bf6 13. Bd6 Rf7 14. e3 Be8 15.
Ba3 Be7 16. Bxe7 Qxe7 17. f3 exf3 18. Bxf3 Rf8 19. Qe2 Bg6 20. a3 Rae8 21. Bg2
Qg5 22. Rf4 Bh5 23. Qd3 Bf7 24. Qb3 Qe7 25. Rff1 dxc4 26. Qxc4 e5 27. Qc5 exd4
28. exd4 Qxc5 29. dxc5 Re2 30. b4 Rd8 31. Rcd1 Rdd2 32. Rxd2 Rxd2 33. Bf3 Bb3
34. Rb1 Ba4 35. Re1 Kf7 36. Bh5+ g6 37. Be2 Bb3 38. Bg4 Bd5 39. Rf1+ Ke7 40. Bf3
Rd3 41. Re1+ Kd7 42. Bg4+ Kd8 43. Ra1 Rd2 44. Rd1 Ra2 45. Rd3 Ke7 46. Re3+ Kf6
47. Be2 Rc2 48. Kf1 a5 49. bxa5 Rxc5 50. a6 b6 51. Bf3 Bc4+ 52. Be2 Bd5 53. Bf3
Ra5 54. Bxd5 cxd5 55. Ke2 Rxa6 56. Kd2 Ra4 57. Rb3 Ke5 58. Kd3 h5 59. Ke3 g5 60.
Kd3 Ra5 61. Kc3 d4+ 62. Kd2 Ke4 63. Rxb6 Rxa3 64. Re6+ Kf5 0-1

[Event "25th Dubai Open A 2025"]
[Site "Dubai UAE"]
[Date "2025.05.29"]
[Round "3.11"]
[White "Sokolovsky, Yahli"]
[Black "Srihari, L R"]
[Result "1/2-1/2"]
[WhiteTitle "GM"]
[BlackTitle "IM"]
[WhiteElo "2539"]
[BlackElo "2468"]
[WhiteFideId "2820242"]
[BlackFideId "46617116"]
[EventDate "2025.05.27"]

1. e4 e6 2. d4 d5 3. Nc3 Nf6 4. e5 Nfd7 5. f4 c5 6. Nf3 Nc6 7. Be3 a6 8. Ne2 Qb6
9. Qc1 f6 10. c3 Be7 11. h4 O-O 12. h5 cxd4 13. Nexd4 Nxd4 14. Bxd4 Bc5 15. Qd2
Bxd4 16. cxd4 f5 17. O-O-O Nb8 18. Kb1 Bd7 19. Rc1 Nc6 20. Be2 Rac8 21. h6 g6
22. Qe3 Qb4 23. a3 Qb6 24. Rc5 Na5 25. Rhc1 Rxc5 26. Rxc5 Rc8 27. Rxc8+ Bxc8 28.
Qc3 Nc6 29. Bd1 Qb5 30. Qe1 Qa5 31. Qxa5 Nxa5 32. Ba4 b5 33. Bd1 Nc6 34. Kc2 Nd8
35. Kc3 a5 36. Be2 Bd7 37. Nd2 Kf8 38. Nb3 Nb7 39. Kd2 Ke7 40. Ke3 Kd8 41. Nd2
Ke7 42. Nb3 Be8 43. Nd2 Nd8 44. Kd3 Kd7 45. Nb3 Nb7 46. Kc3 Kc7 47. Nc1 Kd8 48.
Nd3 Ke7 49. Kd2 Bc6 50. Ke3 Nd8 51. g4 Nf7 52. g5 Nd8 53. Nc5 Ke8 54. Kd2 Ke7
55. Kc3 Ke8 56. Kc2 Ke7 57. Kb1 Ke8 58. Ka2 Ke7 59. Kb3 Ke8 60. Kc3 Ke7 61. Bf1
Ke8 62. Bd3 Ke7 63. Kd2 Ke8 64. Kc2 Ke7 65. Kc3 Ke8 66. Bf1 Ke7 67. Be2 Ke8 68.
b4 a4 69. Nxa4 bxa4 70. b5 Bd7 71. Kb4 Nb7 72. Bd1 Kd8 73. Bxa4 Kc8 74. Bd1 1/2-1/2

[Event "25th Dubai Open A 2025"]
[Site "Dubai UAE"]
[Date "2025.05.29"]
[Round "3.12"]
[White "Shyam, Sundar M."]
[Black "Movahed, Sina"]
[Result "1/2-1/2"]
[WhiteTitle "GM"]
[BlackTitle "GM"]
[WhiteElo "2462"]
[BlackElo "2518"]
[WhiteFideId "5019141"]
[BlackFideId "42520835"]
[EventDate "2025.05.27"]

1. c4 e5 2. g3 f5 3. Nc3 d6 4. Bg2 Nf6 5. d3 Be7 6. e4 O-O 7. Nge2 fxe4 8. dxe4
Be6 9. b3 Nbd7 10. h3 Qe8 11. f4 exf4 12. Nxf4 Bf7 13. O-O c6 14. Be3 Ne5 15.
Qd2 a6 16. a4 a5 17. Rae1 Nfd7 18. Nce2 Nc5 19. Nd4 Qd7 20. Qc2 Rfe8 21. Rd1 Bf8
22. Nf5 Qc7 23. Ne2 b5 24. axb5 cxb5 25. Nc3 bxc4 26. Nb5 cxb3 27. Qc3 Qb8 28.
Nfxd6 Na4 29. Qd4 Re6 30. Nxf7 Qxb5 31. Qd5 Qxd5 32. exd5 Ree8 33. Nxe5 Rxe5 34.
d6 Rd8 35. Bf4 Rc5 36. Bd5+ Rxd5 37. Rxd5 Nc3 38. Rxa5 b2 39. Bg5 Rxd6 40. Ra8
h6 41. Raxf8+ Kh7 42. Rb8 b1=Q 43. Rfxb1 Nxb1 1/2-1/2

[Event "25th Dubai Open A 2025"]
[Site "Dubai UAE"]
[Date "2025.05.29"]
[Round "3.13"]
[White "Talibov, Shiroghlan"]
[Black "Aswath, S"]
[Result "1/2-1/2"]
[WhiteTitle "IM"]
[BlackTitle "IM"]
[WhiteElo "2423"]
[BlackElo "2515"]
[WhiteFideId "13429078"]
[BlackFideId "46694919"]
[EventDate "2025.05.27"]

1. e4 c5 2. Nf3 d6 3. d4 cxd4 4. Nxd4 Nf6 5. Nc3 a6 6. Be2 e5 7. Nb3 Be6 8. f4
Be7 9. Be3 b5 10. a4 bxa4 11. Rxa4 Bd7 12. Ra1 O-O 13. O-O Nc6 14. Nd5 exf4 15.
Bxf4 Nxd5 16. exd5 Ne5 17. Kh1 Ng6 18. Bg3 a5 1/2-1/2

[Event "25th Dubai Open A 2025"]
[Site "Dubai UAE"]
[Date "2025.05.29"]
[Round "3.14"]
[White "Raahul, V S"]
[Black "Aronyak, Ghosh"]
[Result "1/2-1/2"]
[WhiteTitle "IM"]
[BlackTitle "IM"]
[WhiteElo "2378"]
[BlackElo "2514"]
[WhiteFideId "25035525"]
[BlackFideId "25072846"]
[EventDate "2025.05.27"]

1. c4 Nf6 2. Nf3 e6 3. g3 d5 4. Bg2 dxc4 5. Qa4+ Bd7 6. Qxc4 c5 7. Ne5 Qc8 8. d3
Nc6 9. Nxd7 Qxd7 10. Nd2 Rc8 11. Nf3 Be7 12. O-O O-O 13. Bd2 Rfd8 14. a3 Nd5 15.
Rfc1 1/2-1/2

[Event "25th Dubai Open A 2025"]
[Site "Dubai UAE"]
[Date "2025.05.29"]
[Round "3.15"]
[White "Sargsyan, Shant"]
[Black "Mayank, Chakraborty"]
[Result "1-0"]
[WhiteTitle "GM"]
[BlackTitle "IM"]
[WhiteElo "2666"]
[BlackElo "2436"]
[WhiteFideId "13306766"]
[BlackFideId "25659766"]
[EventDate "2025.05.27"]

1. Nf3 d5 2. e3 Nf6 3. c4 e6 4. b3 c5 5. cxd5 exd5 6. Be2 Nc6 7. O-O Bd6 8. Ba3
O-O 9. d4 cxd4 10. Nxd4 Ne4 11. Bxd6 Qxd6 12. f3 Nf6 13. Re1 Re8 14. Bf1 Qc5 15.
Qd2 Nxd4 16. exd4 Qd6 17. Nc3 Bd7 18. Rxe8+ Nxe8 19. Rc1 Nc7 20. Bd3 Ne6 21. Ne2
Qb6 22. Bf5 Re8 23. Bxe6 Qxe6 24. Nf4 Qh6 25. g3 Qf6 26. Kf2 Bc6 27. Rc3 Qd6 28.
h4 h6 29. h5 Qb4 30. Rd3 Qe7 31. Re3 Qxe3+ 32. Qxe3 Rxe3 33. Kxe3 Kf8 34. Ng2
Ke7 35. Kf4 Ke6 36. g4 g5+ 37. hxg6 fxg6 38. Kg3 Kf6 39. Ne3 Ke6 40. f4 Kf6 41.
Kh4 a5 42. a3 b6 43. b4 axb4 44. axb4 b5 45. Nd1 Be8 46. Nc3 g5+ 47. Kg3 Ke6 48.
Nd1 Kf6 49. Ne3 Bf7 50. Kf3 h5 51. gxh5 Bxh5+ 52. Kg3 gxf4+ 53. Kxf4 Ke6 54. Kg5
Bf3 55. Ng4 Bd1 56. Ne5 Bc2 57. Ng6 Be4 58. Nf4+ Ke7 59. Nh5 Ke6 60. Nf6 Bd3 61.
Ne8 Kd7 62. Ng7 Ke7 63. Kf4 Kf7 64. Nf5 Ke6 65. Ne3 Be4 66. Ng4 Bc2 67. Ne5 Kf6
68. Nc6 Bd3 69. Nb8 Ke6 70. Kg5 Kf7 71. Na6 Ke7 72. Kg4 Kd6 73. Kf4 Bc2 74. Kg5
Bd1 75. Kf6 Bh5 76. Nc5 Be8 77. Nb7+ Kc7 78. Ke7 Bh5 79. Nd6 Kc6 80. Nf7 Kc7 81.
Ne5 Be2 82. Ke6 Bc4 83. Ng6 Kc6 84. Ne7+ Kc7 85. Ke5 Kd7 86. Nxd5 Bf1 87. Nf6+
Ke7 88. d5 Bg2 89. d6+ Kf7 90. Nd5 Bh3 91. Kd4 Ke8 92. Kc5 Kd7 93. Nc3 Bg2 94.
Nxb5 Bc6 95. Nd4 Be4 96. b5 Bd3 97. b6 Be4 98. Nb3 Bg2 99. Na5 Kc8 100. b7+ 1-0

[Event "25th Dubai Open A 2025"]
[Site "Dubai UAE"]
[Date "2025.05.29"]
[Round "3.16"]
[White "Celik, Hasan Huseyin"]
[Black "Indjic, Aleksandar"]
[Result "1-0"]
[WhiteTitle "IM"]
[BlackTitle "GM"]
[WhiteElo "2440"]
[BlackElo "2637"]
[WhiteFideId "44506759"]
[BlackFideId "911925"]
[EventDate "2025.05.27"]

1. d4 d5 2. c4 e6 3. Nc3 Nf6 4. cxd5 exd5 5. Bg5 Be7 6. e3 h6 7. Bh4 O-O 8. Bd3
c6 9. h3 Ne4 10. Bxe7 Qxe7 11. Nge2 Nd7 12. O-O Ndf6 13. Qc2 Re8 14. Rae1 Bf5
15. Nf4 Nxc3 16. bxc3 Bxd3 17. Nxd3 Ne4 18. c4 Rac8 19. c5 Rc7 20. Rb1 h5 21.
Rb2 Qf6 22. Qe2 g6 23. Qf3 Qe6 24. Rfb1 Ree7 25. Nf4 Qf5 26. Nd3 Qe6 27. Nf4 Qc8
28. h4 Kg7 29. Ne2 Nf6 30. Nf4 Ng4 31. Re1 Re4 32. Qg3 Rce7 33. Rbe2 Qe8 34. Kf1
Kh7 35. Nd3 b6 36. cxb6 axb6 37. Nf4 Qa8 38. Nh3 f6 39. Nf4 Qe8 40. Kg1 g5 41.
hxg5 fxg5 42. Nh3 Kh6 43. Qd6+ R4e6 44. Qb4 Qb8 45. f4 gxf4 46. Nxf4 Rg7 47. Qc3
Rf6 48. Rf1 Qe8 49. Qd3 Re7 50. Rf3 Re4 51. g3 c5 52. Qd2 Rf5 53. dxc5 bxc5 54.
Qa5 d4 55. Qb6+ Kg7 56. Qc7+ Re7 57. exd4 Re5 58. Rxe5 Nxe5 59. Ne6+ Kh7 60.
Qxe5 Rxe6 61. Qf5+ Kg7 62. dxc5 Re1+ 63. Kg2 Re2+ 64. Rf2 Qa8+ 65. Kh2 Qe8 66.
Qf6+ Kh7 67. Qf3 Re5 68. c6 Rc5 69. Qd3+ Kg8 70. Qb3+ Kh8 71. Qb2+ Kg8 72. Qb3+
Kh8 73. Qb4 Qe5 74. Qb7 Qg7 75. Qc8+ Kh7 76. Qe6 Re5 77. Qc4 Re7 78. Qd3+ Kh8
79. Qd6 h4 80. gxh4 Re4 81. Qf8+ Kh7 82. Qxg7+ Kxg7 83. Kg3 Rc4 84. Rf4 Rxc6 85.
a4 Rc3+ 86. Kf2 Rd3 87. Ke2 Rd5 88. Ke3 Kg6 89. Ke4 Rd7 90. Ke5 Rd8 91. a5 Ra8
92. Ra4 Ra6 93. Kd5 Kf7 94. Kc5 Ke8 95. Kb5 Rf6 1-0

[Event "25th Dubai Open A 2025"]
[Site "Dubai UAE"]
[Date "2025.05.29"]
[Round "3.17"]
[White "Narayanan, S.L."]
[Black "Tsaruk, Maksim"]
[Result "1/2-1/2"]
[WhiteTitle "GM"]
[BlackTitle "IM"]
[WhiteElo "2598"]
[BlackElo "2431"]
[WhiteFideId "5058422"]
[BlackFideId "13511173"]
[EventDate "2025.05.27"]

1. d4 d5 2. c4 dxc4 3. e4 e5 4. Nf3 Bb4+ 5. Nc3 exd4 6. Nxd4 Nd7 7. Bxc4 Ngf6 8.
O-O O-O 9. f3 Ne5 10. Be2 c6 11. Kh1 Ng6 12. a3 Ba5 13. Be3 Qe7 14. Qe1 Re8 15.
Qf2 Bd7 16. Nb3 Bc7 17. Nc5 Bc8 18. Rad1 b6 19. Nb3 Bd7 20. Bg5 Be5 21. Nd4 h6
22. Be3 c5 23. Nb3 Rad8 24. Nc1 Nf4 25. Ba6 Bc6 26. N1e2 Nxe2 27. Qxe2 Nh5 28.
Qf2 Rxd1 29. Nxd1 Nf4 30. Nc3 Rd8 31. Bc4 Nd3 32. Qc2 Nf4 33. Rd1 h5 34. g3 Bxc3
35. Rxd8+ Qxd8 36. bxc3 Ng6 37. Kg2 Ne5 38. Be2 Qd7 39. Qd2 Qxd2 40. Bxd2 g6 41.
Kf2 f6 42. h3 Bd7 43. f4 Nf7 44. h4 Nd6 45. Bd3 f5 46. e5 1/2-1/2

[Event "25th Dubai Open A 2025"]
[Site "Dubai UAE"]
[Date "2025.05.29"]
[Round "3.18"]
[White "Goutham Krishna H"]
[Black "Pranav, Anand"]
[Result "1/2-1/2"]
[WhiteTitle "IM"]
[BlackTitle "GM"]
[WhiteElo "2427"]
[BlackElo "2555"]
[WhiteFideId "25983504"]
[BlackFideId "46626786"]
[EventDate "2025.05.27"]

1. Nf3 Nf6 2. c4 e6 3. d4 d5 4. cxd5 exd5 5. Nc3 Nbd7 6. Qc2 Bb4 7. a3 Bxc3+ 8.
bxc3 c5 9. g3 Qa5 10. Bg2 O-O 11. O-O Re8 12. Bf4 Ne4 13. Nd2 Ndf6 14. Nxe4 Nxe4
15. Rfc1 b6 16. f3 Nf6 17. g4 Ba6 18. e3 Rac8 19. Qb2 Qa4 20. h4 h5 21. g5 Nd7
22. Bh3 Bd3 23. Qd2 c4 24. Qb2 a5 25. Kf2 Ra8 26. Kg3 Ra6 27. Bxd7 Qxd7 28. a4
Re6 29. Qb5 Qb7 30. Ra2 Ra7 31. Qb2 Qc6 32. Qb5 Qa8 33. Rca1 Kh7 34. Qb2 f6 35.
Qb5 Rf7 36. Rg2 fxg5 37. hxg5 Qd8 38. Rh1 g6 39. Rh4 Rf5 40. Kf2 Qe7 41. Rg1 Kg8
42. Rg2 Qf7 43. Rg1 Bc2 44. Rc1 Bb3 45. Rch1 Kf8 46. R4h3 Qe8 47. Qxe8+ Kxe8 48.
Ra1 Kd7 49. Rhh1 Kc6 50. Rhg1 b5 51. axb5+ Kxb5 52. Ra3 a4 53. Rc1 Re8 54. Kg3
Ref8 55. Raa1 Kc6 56. Rf1 R8f7 57. Rh1 Rf8 58. Rh4 R5f7 59. Rh2 Kd7 60. Ra3 Re8
61. Rh1 Ke6 62. Rc1 Kf5 63. Kh4 Rfe7 64. Re1 Bc2 65. Rc1 Bb3 66. Re1 Rb7 67. Rc1
Re6 68. Raa1 Ra6 69. Ra3 Re7 70. Rb1 Re8 71. Rc1 1/2-1/2

[Event "25th Dubai Open A 2025"]
[Site "Dubai UAE"]
[Date "2025.05.29"]
[Round "3.19"]
[White "Sanal, Vahap"]
[Black "Pham Tran Gia Phuc"]
[Result "0-1"]
[WhiteTitle "GM"]
[BlackTitle "IM"]
[WhiteElo "2555"]
[BlackElo "2424"]
[WhiteFideId "6300545"]
[BlackFideId "12415669"]
[EventDate "2025.05.27"]

1. e4 e5 2. Nf3 Nc6 3. Bc4 Bc5 4. d3 h6 5. Nc3 Nf6 6. h3 d6 7. Na4 Bb6 8. a3 Be6
9. Bxe6 fxe6 10. b4 O-O 11. c3 Qd7 12. O-O Qf7 13. Ra2 Ne7 14. Nh2 Ng6 15. g3 c6
16. Nxb6 axb6 17. Ng4 Kh7 18. Rc2 b5 19. Qe2 Nd7 20. c4 Rac8 21. Kg2 bxc4 22.
dxc4 d5 23. Bb2 d4 24. c5 Nf6 25. Bc1 Qd7 26. Rd2 Rf7 27. Rd3 b6 28. cxb6 Qb7
29. Nxf6+ Rxf6 30. Bd2 Qxb6 31. Rc1 c5 32. bxc5 Rxc5 33. Rxc5 Qxc5 34. Rb3 Qc6
35. Qd3 Rf7 36. Rb1 Ra7 37. Rc1 Qa8 38. Bb4 Ne7 39. Bd6 Nf5 40. Bb4 Ne7 41. Kg1
Nc6 42. Bc5 Rb7 43. Qc4 Na5 44. Qa4 Rc7 45. h4 Qa6 46. h5 d3 47. Qe8 Qc8 48.
Qg6+ Kg8 49. Rd1 Rxc5 50. Rxd3 Rc7 51. Rd6 Re7 52. Kg2 Nc6 53. a4 Nd4 54. a5 Qf8
55. f4 Rf7 56. Rb6 exf4 57. a6 f3+ 58. Kf2 Qc5 59. Rb8+ Rf8 60. Rxf8+ Kxf8 61.
e5 Qc3 0-1

[Event "25th Dubai Open A 2025"]
[Site "Dubai UAE"]
[Date "2025.05.29"]
[Round "3.20"]
[White "Shyaam Nikhil P"]
[Black "Gavrilescu, David"]
[Result "1/2-1/2"]
[WhiteTitle "GM"]
[BlackTitle "GM"]
[WhiteElo "2430"]
[BlackElo "2554"]
[WhiteFideId "5024218"]
[BlackFideId "1227190"]
[EventDate "2025.05.27"]

1. e4 c5 2. Nf3 d6 3. Nc3 Nf6 4. d4 cxd4 5. Nxd4 a6 6. h3 e5 7. Nde2 h5 8. Bg5
Be7 9. Ng3 h4 10. Nf5 Bxf5 11. Bxf6 Be6 12. Bxe7 Qxe7 13. Nd5 Bxd5 14. Qxd5 Nd7
15. Qxb7 O-O 16. O-O-O Rab8 17. Qc6 Rb6 18. Qc3 Nc5 19. Qe3 Rb4 20. c3 Rxe4 21.
Qd2 Rb8 22. Bd3 Rf4 23. Bc2 Rb6 24. f3 g6 25. Rhe1 Qf6 26. Re2 Kg7 27. Kb1 a5
28. b3 Ne6 29. Qe3 Qd8 30. Red2 Qc7 31. Rxd6 Rb5 32. Rd7 Qc5 33. Qxc5 Rxc5 34.
Kb2 Rf6 35. R1d2 Nf4 36. Be4 Rb6 37. Ra7 Kf6 38. a3 Ke6 39. b4 axb4 40. cxb4 f5
41. Rb7 Rxb7 42. Bxb7 Rc7 43. Ba8 Rc8 44. Bb7 Rc7 45. Ba8 Rc8 46. Bb7 1/2-1/2

[Event "25th Dubai Open A 2025"]
[Site "Dubai UAE"]
[Date "2025.05.29"]
[Round "3.21"]
[White "Aditya, Mittal"]
[Black "Sahib, Singh"]
[Result "1/2-1/2"]
[WhiteTitle "GM"]
[BlackTitle "FM"]
[WhiteElo "2547"]
[BlackElo "2416"]
[WhiteFideId "35042025"]
[BlackFideId "25618342"]
[EventDate "2025.05.27"]

1. d4 d5 2. c4 e6 3. Nc3 Nf6 4. cxd5 exd5 5. Bg5 Bb4 6. Qc2 h6 7. Bh4 g5 8. Bg3
Ne4 9. e3 h5 10. f3 Nxg3 11. hxg3 Qe7 12. Kf2 Be6 13. a3 Bd6 14. Nb5 c6 15.
Nxd6+ Qxd6 16. Bd3 Nd7 17. Qc3 O-O-O 18. Ne2 f5 19. Qb4 Qxb4 20. axb4 a6 21.
Rhc1 Kc7 22. b5 axb5 23. Bxb5 Ra8 24. Bd3 Kd6 25. Nc3 Nf6 26. Na4 Nd7 27. Nc3
Nf6 28. b3 Rhf8 29. Rh1 Ne4+ 30. Nxe4+ 1/2-1/2

[Event "25th Dubai Open A 2025"]
[Site "Dubai UAE"]
[Date "2025.05.29"]
[Round "3.22"]
[White "Kacharava, Nikolozi"]
[Black "Ghimpu, Samuel-Timotei"]
[Result "1-0"]
[WhiteTitle "GM"]
[BlackTitle "IM"]
[WhiteElo "2516"]
[BlackElo "2421"]
[WhiteFideId "13611860"]
[BlackFideId "1238175"]
[EventDate "2025.05.27"]

1. e4 e6 2. d4 d5 3. Nc3 dxe4 4. Nxe4 Bd7 5. Nf3 Bc6 6. Bd3 Nd7 7. O-O Ngf6 8.
Ng3 Be7 9. c4 Bxf3 10. Qxf3 c5 11. Qxb7 cxd4 12. Bf4 O-O 13. Rfe1 a5 14. Rad1
Re8 15. Re2 Rc8 16. a3 Bf8 17. Qb5 Qb6 18. Qxb6 Nxb6 19. Be5 Nxc4 20. Bxd4 Red8
21. Rc2 e5 22. Bxc4 exd4 23. Nf5 g6 24. Nxd4 Rc7 25. Rd3 Rcd7 26. Rcd2 Rc8 27.
Bb5 Rd5 28. Rd1 Bg7 29. Nc6 Rxd3 30. Rxd3 Ra8 31. Bc4 a4 32. Ne5 Rc8 33. Bxf7+
Kf8 34. Bc4 Nh5 35. Nd7+ Ke7 36. Nb6 Rc5 37. g3 Bxb2 38. Nxa4 Rxc4 39. Nxb2 Rc2
40. Rb3 Nf6 41. a4 Nd5 42. a5 Rc1+ 43. Kg2 Ra1 44. Nc4 h5 45. Ra3 Rc1 46. Ne3
Nb4 47. a6 Rc8 48. a7 Ra8 49. Nc4 Nc6 50. Nb6 1-0

[Event "25th Dubai Open A 2025"]
[Site "Dubai UAE"]
[Date "2025.05.29"]
[Round "3.23"]
[White "Ashraf, Artin"]
[Black "Muthaiah, AL"]
[Result "1-0"]
[WhiteTitle "FM"]
[BlackTitle "IM"]
[WhiteElo "2407"]
[BlackElo "2487"]
[WhiteFideId "22514805"]
[BlackFideId "5092442"]
[EventDate "2025.05.27"]

1. e4 c6 2. d4 d5 3. e5 Bf5 4. Nf3 e6 5. Be2 Nd7 6. O-O a5 7. a4 f6 8. Bd3 Bxd3
9. cxd3 Bb4 10. Nc3 f5 11. Ne2 h6 12. h4 Ne7 13. Nf4 Kf7 14. h5 g5 15. hxg6+
Nxg6 16. Nh5 Qe7 17. g3 Rag8 18. Kh2 Ke8 19. Rh1 Qf7 20. Be3 Kd8 21. Qe2 Kc7 22.
Rag1 Kb8 23. Rg2 c5 24. dxc5 Nxc5 25. Qd1 f4 26. gxf4 Nxd3 27. Rhg1 Ne7 28. Nf6
Rxg2+ 29. Rxg2 Ng8 30. Qxd3 Nxf6 31. exf6 Qh5+ 32. Kg1 Rc8 33. Ne5 1-0

[Event "25th Dubai Open A 2025"]
[Site "Dubai UAE"]
[Date "2025.05.29"]
[Round "3.24"]
[White "Davtyan, Arsen"]
[Black "Ayush, Sharma"]
[Result "1-0"]
[WhiteTitle "IM"]
[BlackTitle "IM"]
[WhiteElo "2402"]
[BlackElo "2478"]
[WhiteFideId "13309315"]
[BlackFideId "45010943"]
[EventDate "2025.05.27"]

1. d4 Nf6 2. c4 e6 3. Nf3 b6 4. a3 Bb7 5. Nc3 d5 6. Qc2 dxc4 7. e4 Nc6 8. e5 Nd5
9. Bxc4 Nce7 10. Bb5+ c6 11. Bd3 h6 12. h4 Nc7 13. Bd2 Ned5 14. Ne4 Be7 15. O-O
Qd7 16. b4 f5 17. exf6 gxf6 18. a4 Kf7 19. Rab1 Ba6 20. Bxa6 Nxa6 21. Qc4 b5 22.
axb5 cxb5 23. Qe2 Nb6 24. Ne5+ fxe5 25. Qh5+ Kg7 26. Rb3 Nd5 27. Rg3+ Bg5 28.
hxg5 Rag8 29. gxh6+ 1-0